|
|
|
|
| LEADER |
01196nam a2200289 a 4500 |
| 001 |
3994614 |
| 008 |
100111s1995 ii b 001 0 eng d |
| 010 |
|
|
|a 95906180
|
| 040 |
|
|
|a DLC
|c DLC
|d DLC
|d BD-DhAAL
|
| 082 |
0 |
0 |
|a 305.42/0954
|2 20
|
| 245 |
0 |
4 |
|a The Family in a changing world :
|b women, children, and strategies of intervention /
|c edited by Rudolf C. Heredia, Edward Mathias.
|
| 260 |
|
|
|a New Delhi :
|b Indian Social Institute,
|c c1995.
|
| 300 |
|
|
|a vi, 347 p. ;
|c 23 cm.
|
| 500 |
|
|
|a "This is a sponsored publication of Indian social Institute, New Delhi, no. 56/95."
|
| 520 |
|
|
|a With reference to India; contributed articles.
|
| 504 |
|
|
|a Includes bibliographical reference and index.
|
| 541 |
1 |
|
|e 00005398
|
| 650 |
|
0 |
|a Women
|z India.
|
| 650 |
|
0 |
|a Patriarchy
|z India.
|
| 650 |
|
0 |
|a Families
|z India
|x History.
|
| 650 |
|
0 |
|a Child labor
|z India.
|
| 700 |
1 |
|
|a Heredia, Rudolf C.
|
| 700 |
1 |
|
|a Mathias, Edward.
|
| 710 |
2 |
|
|a Indian Social Institute.
|
| 852 |
4 |
|
|a Ayesha Abed Library
|j General shelf
|
| 999 |
|
|
|c 6890
|d 6890
|
| 952 |
|
|
|0 0
|1 0
|2 ddc
|4 0
|6 305_420954000000000_FAM_1995
|7 0
|9 7101
|a BRACUL
|b BRACUL
|c GEN
|d 2010-01-12
|g 180.00
|l 0
|o 305.420954 FAM
|p 3010005398
|r 2010-01-12
|t 1
|w 2010-01-12
|y BK
|